Tratado de enfermedades de los niños / (Record no. 62235)

MARC details
000 -LEADER
campo de control de longitud fija 00567nam a2200169 i 4500
001 - NÚMERO DE CONTROL
campo de control 62235
003 - IDENTIFICADOR DE NÚMERO DE CONTROL
campo de control ES-MaACL
007 - CAMPO FIJO DE DESCRIPCIÓN FÍSICA--INFORMACIÓN GENERAL
campo de control de longitud fija t|
008 - DATOS DE LONGITUD FIJA--INFORMACIÓN GENERAL
campo de control de longitud fija 031119s1941 sp ||||1| spa d
100 1# - ENTRADA PRINCIPAL--NOMBRE DE PERSONA
Nombre de persona Feer, E.
9 (RLIN) 49088
245 10 - MENCIÓN DEL TÍTULO
Título Tratado de enfermedades de los niños /
Mención de responsabilidad, etc. por E. Feer ; traducida de la doceava [edición] alemana por Evelio Salazar.
250 ## - MENCION DE EDICION
Mención de edición 6ª ed. española corr. y aum.
260 ## - PUBLICACIÓN, DISTRIBUCIÓN, ETC.
Lugar de publicación, distribución, etc. Barcelona :
Nombre del editor, distribuidor, etc. Marin,
Fecha de publicación, distribución, etc. 19741 (
Fabricante La Neotipia)
300 ## - DESCRIPCIÓN FÍSICA
Extensión VIII, 885 p. :
Otras características físicas il. ;
Dimensiones 26 cm.
700 1# - ENTRADA AGREGADA--NOMBRE PERSONAL
Nombre de persona Salazar, Evelio.
9 (RLIN) 101808
852 ## - LOCALIZACIÓN
Ubicación ES-MaACL
Número de control de estantería E-98
Sublocalización o colección R.19250
Holdings
Estatus retirado Estado de pérdida Estado de daño No para préstamo Biblioteca de origen Biblioteca actual Ubicación en estantería Fecha de adquisición Fuente de adquisición Total de préstamos Signatura topográfica completa Código de barras Visto por última vez Precio de reemplazo Tipo de ítem Koha
        Biblioteca del Ateneo de Madrid Biblioteca del Ateneo de Madrid Depósito 2 17/01/2008     E-98 1065244 23/02/2023 23/02/2023 Libro impreso